000 00670nam a2200181Ia 4500
008 100920s9999 xx 000 0 und d
082 _b99796
_a24 न 07
100 _aमुर्ती सुधा अनु. सोहोनी लिना.
245 _aसुकेशिनी आणि इतर कथा.
260 _bमेहता पब्लि. हाऊस , पुणे.
_c2007
300 _a153
_bसाधी
365 _b130
520 _aसायो.
630 _aसुकेशिनी आणि इतर कथा.
650 _aसायो.
730 _aसुकेशिनी आणि इतर कथा.
942 _cBOOK
999 _c740234
_d740231